Представление документа в формате RUSMARC

ПолеНазваниеЗначение
  Тип записи a
  Библиографический уровень c
001 Контрольный номер RU/SLIB/B/208711984
005 Дата корректировки 20201206203912.8
010 Индекс ISBN __
d Цена 10-80
101 Язык документа __
a Язык текста rus
c Язык оригинала rus
200 Заглавие и сведения об ответственности 1_
a Заглавие У реки, у Ломенги
e Сведения, относящиеся к заглавию рассказы
f Первые сведения об ответственности Л. И. Воробьев
b Общее обозначение материала Текст
210 Выходные данные __
a Место издания М.
c Издательство Современник
d Дата издания 1978
215 Физическое описание __
a Объем 399 с.
330 Аннотация __
a Аннотация В книгу вошли рассказы рано ушедшего из жизни талантливого новгородского писателя Леонида Воробьева. В простых людях, чья судьба связана с Ломенгой, родной землей, автор видит красоту и силу, поэзию их дел.
606 Тематические рубрики __
a Основная рубрика Художественная литература
606 Тематические рубрики __
a Основная рубрика Русская литература XX в. (произведения)
610 Ключевые слова __
a Ключевые слова проза; рассказы
686 Индексы других классификаций __
a Классификационный индекс 84(2Рос=Рус)6-4
700 Автор _1
a Фамилия Воробьев
b Имя Л. И.
4 Код отношения 070
801 Источник записи _0
a Страна RU
b Организация Муниципальное бюджетное учреждение культуры "Централизованная библиотечная система" г. Сургут (Центральная городская библиотека им. А. С. Пушкина)
g Правила каталогизации КиК/Варварина
801 Источник записи _1
a Страна RU
b Организация Муниципальное бюджетное учреждение культуры "Централизованная библиотечная система" г. Сургут (Центральная городская библиотека им. А. С. Пушкина)
g Правила каталогизации КиК/Варварина
852 Данные о местонахождении __
j Шифр хранения 84(2Рос=Рус)6-4
c Каталожный индекс 84(2Рос=Рус)6-4
i Авторский знак В 75
901 Тип документа __
t Тип документа x
903 Характеристики (МАРС) __
a Дата передачи 20010413
969 Тип издания __
a Тип издания сборник
990 Данные о заказе (DOS) 00
j Количество экземпляров (DOS) 1
t N записи в КСУ для И/У (DOS) 200104